[Event "Madrid San Viator op-B 31st"]
[Site "Madrid"]
[Date "2019.10.27"]
[Round "7"]
[White "Lavado Pena, David"]
[Black "Arce Escobedo, Julio"]
[Result "1/2-1/2"]
[WhiteElo "1184"]
[BlackElo "1664"]
[PlyCount "93"]
[EventDate "2019.09.08"]
[EventType "swiss"]
[EventRounds "9"]
[EventCountry "ESP"]
[SourceTitle "EXT 2022"]
[Source "ChessBase"]
[SourceDate "2021.10.06"]
[SourceVersion "1"]
[SourceVersionDate "2021.10.06"]
[SourceQuality "1"]

1. c4 Nf6 2. Nc3 e6 3. g3 d5 4. cxd5 exd5 5. d4 Be7 6. Bg2 0-0 7. Nf3 b6 8. 0-0 Bb7 9. Bf4 Bd6 10. Qd2 Bxf4 11. Qxf4 c6 12. Rfe1 Re8 13. b4 a6 14. a4 Nbd7 15. b5 Nf8 16. Ne5 Ng6 17. Qg5 Nxe5 18. dxe5 Ne4 19. Qxd8 Raxd8 20. bxa6 Bxa6 21. Nxe4 dxe4 22. Bxe4 Rxe5 23. Bxc6 Rxe2 24. Rxe2 Bxe2 25. Rb1 Rd1+ 26. Rxd1 Bxd1 27. f4 Kf8 28. Kf2 Ke7 29. Ke3 Kd6 30. Be8 Kc5 31. Ke4 Kb4 32. Bxf7 Bxa4 33. Bg8 Bb3 34. Bxb3 Kxb3 35. f5 Kc3 36. g4 b5 37. g5 b4 38. f6 gxf6 39. gxf6 b3 40. f7 b2 41. f8Q b1Q+ 42. Ke5 Qe1+ 43. Kf6 Qf2+ 44. Kg7 Qxh2 45. Qf6+ Kc4 46. Qh6 Qc7+ 47. Kh8 1/2-1/2

[Event "Madrid San Viator op-B 27th"]
[Site "Madrid"]
[Date "2016.10.16"]
[Round "5"]
[White "Lavado Pena, David"]
[Black "Ramos Barbancho, Jose Manuel"]
[Result "0-1"]
[WhiteElo "1026"]
[BlackElo "1376"]
[PlyCount "78"]
[EventDate "2016.09.25"]
[EventType "swiss"]
[EventRounds "9"]
[EventCountry "ESP"]
[SourceTitle "EXT 2019"]
[Source "ChessBase"]
[SourceDate "2018.10.10"]
[SourceVersion "1"]
[SourceVersionDate "2018.10.10"]
[SourceQuality "1"]

1. c4 c6 2. Nc3 Nf6 3. g3 d5 4. cxd5 cxd5 5. d4 Nc6 6. Bg2 Bf5 7. a3 e6 8. Nf3 Bd6 9. 0-0 a6 10. Bg5 0-0 11. Nh4 Bg6 12. Nxg6 hxg6 13. e4 Be7 14. e5 Nh7 15. Bxe7 Nxe7 16. f4 Nf5 17. Qd3 Qb6 18. Rfd1 Rfe8 19. Na4 Qa7 20. Rac1 Rac8 21. Rc3 Rxc3 22. Qxc3 b5 23. Qc5 Qxc5 24. Nxc5 Rc8 25. Rd3 Nxd4 26. Rxd4 Rxc5 27. Rd2 Nf8 28. Rd3 Nd7 29. b4 Rc1+ 30. Kf2 Nb6 31. Kf3 Rc2 32. h4 Nc4 33. Kg4 Rxg2 34. Kf3 Ra2 35. Kg4 Rxa3 36. Rd1 Ne3+ 37. Kh3 Nxd1 38. Kg2 Rb3 39. Kh3 Rxb4 0-1

[Event "Collado Villalba 64 op 4th"]
[Site "Collado Villalba"]
[Date "2016.07.18"]
[Round "2.13"]
[White "Lavado Pena, David"]
[Black "Romero Jaime, Pedro"]
[Result "0-1"]
[WhiteElo "1060"]
[BlackElo "1563"]
[PlyCount "64"]
[EventDate "2016.07.17"]
[EventType "swiss"]
[EventRounds "9"]
[EventCountry "ESP"]
[SourceTitle "EXT 2017"]
[Source "ChessBase"]
[SourceDate "2016.10.25"]
[SourceVersion "1"]
[SourceVersionDate "2016.10.25"]
[SourceQuality "1"]

1. c4 c5 2. Nc3 Nc6 3. g3 g6 4. Bg2 Bg7 5. e3 e6 6. Nge2 Nge7 7. 0-0 d6 8. d4 cxd4 9. exd4 d5 10. cxd5 exd5 11. Bg5 h6 12. Bf4 g5 13. Be5 Nxe5 14. dxe5 Bxe5 15. Nxd5 0-0 16. Nxe7+ Qxe7 17. Rb1 Bf5 18. Rc1 Bxb2 19. Rc4 Rad8 20. Qa4 Qxe2 21. Rc5 Bd3 22. Qd1 Qe7 23. Rf5 Bxf5 24. Qb3 Rd2 25. h3 Bd3 26. Rd1 Bc2 27. Qxb2 Rxd1+ 28. Kh2 Qe1 29. h4 Qg1+ 30. Kh3 Qxf2 31. Qe5 Bf5+ 32. Kh2 Qg1# 0-1